[Event "Test Tournament"]
[Site "Emanuel Lasker Arena"]
[Date "2024.04.09"]
[Round "2"]
[White "Irina"]
[Black "Karpovs Shadow"]
[Result "1-0"]
[WhiteElo "2113"]
[BlackElo "1620"]
[Annotator "RC"]
[PlyCount "81"]
[EventDate "2024.04.09"]
[EventType "swiss (blitz)"]
[TimeControl "60"]

1. d4 {[%emt 0:00:00]} Nf6 {[%emt 0:00:01]} 2. c4 {[%emt 0:00:01]} e6 {[%emt 0:00:01]} 3. g3 {[%emt 0:00:01]} d5 {[%emt 0:00:01]} 4. Bg2 {[%emt 0:00:01]} Bb4+ {[%emt 0:00:01]} 5. Nd2 {[%emt 0:00:01]} O-O {[%emt 0:00:01]} 6. Ngf3 {[%emt 0:00:02]} c5 {[%emt 0:00:01]} 7. cxd5 {[%emt 0:00:01]} exd5 {[%emt 0:00:01]} 8. dxc5 {[%emt 0:00:01]} Re8 {[%emt 0:00:02]} 9. O-O {[%emt 0:00:03]} Bxc5 {[%emt 0:00:01]} 10. Ng5 {[%emt 0:00:04]} Ng4 {[%emt 0:00:04]} 11. Ndf3 {[%emt 0:00:04]} Bf5 {[%emt 0:00:07]} 12. Bf4 {[%emt 0:00:03]} Nc6 {[%emt 0:00:03]} 13. Qb3 {[%emt 0:00:03]} Rxe2 {[%emt 0:00:03]} 14. Qxb7 {[%emt 0:00:01]} Qe8 {[%emt 0:00:03]} 15. Rac1 {[%emt 0:00:03]} Bc2 {[%emt 0:00:03]} 16. Nd2 {[%emt 0:00:02]} Rxf2 {[%emt 0:00:01]} 17. Rxf2 {[%emt 0:00:00]} Bxf2+ {[%emt 0:00:01]} 18. Kh1 {[%emt 0:00:01]} h6 {[%emt 0:00:02]} 19. Bxd5 {[%emt 0:00:01]} Kh8 {[%emt 0:00:01]} 20. Nxf7+ {[%emt 0:00:01]} Kh7 {[%emt 0:00:01]} 21. Rxc2 {[%emt 0:00:01]} Qe1+ {[%emt 0:00:01]} 22. Kg2 {[%emt 0:00:01]} Qg1+ {[%emt 0:00:01]} 23. Kh3 {[%emt 0:00:01]} Qxh2+ {[%emt 0:00:01]} 24. Kxg4 {[%emt 0:00:01]} h5+ {[%emt 0:00:01]} 25. Kg5 {[%emt 0:00:01]} Bxg3 {[%emt 0:00:02]} 26. Be4+ {[%emt 0:00:02]} g6 {[%emt 0:00:01]} 27. Bxg6+ {[%emt 0:00:01]} Kg7 {[%emt 0:00:01]} 28. Nh6+ {[%emt 0:00:01]} Kf8 {[%emt 0:00:01]} 29. Qg7+ {[%emt 0:00:01]} Kxg7 {[%emt 0:00:01]} 30. Nf5+ {[%emt 0:00:01]} Kh8 {[%emt 0:00:01]} 31. Bxg3 {[%emt 0:00:01]} Qe2 {[%emt 0:00:01]} 32. Rxc6 {[%emt 0:00:01]} Qxd2+ {[%emt 0:00:01]} 33. Kxh5 {[%emt 0:00:01]} Qxb2 {[%emt 0:00:01]} 34. Kh4 {[%emt 0:00:01]} Rf8 {[%emt 0:00:01]} 35. Bd6 {[%emt 0:00:01]} Qg2 {[%emt 0:00:01]} 36. Bxf8 {[%emt 0:00:01]} Qh2+ {[%emt 0:00:01]} 37. Kg4 {[%emt 0:00:01]} Qg2+ {[%emt 0:00:01]} 38. Kf4 {[%emt 0:00:01]} Qh2+ {[%emt 0:00:01]} 39. Ke3 {[%emt 0:00:01]} Qxa2 {[%emt 0:00:01]} 40. Bg7+ {[%emt 0:00:01]} Kg8 {[%emt 0:00:01]} 41. Rc8# {[%emt 0:00:01] (Lag: Av=0.05s, max=0.1s)} 1-0

[Event "Test Tournament"]
[Site "Emanuel Lasker Arena"]
[Date "2024.04.02"]
[Round "2"]
[White "Antonella"]
[Black "ArrowPlay"]
[Result "0-1"]
[WhiteElo "2108"]
[BlackElo "1996"]
[Annotator "RC"]
[PlyCount "66"]
[EventDate "2024.04.02"]
[EventType "swiss (blitz)"]

1. e4 {[%emt 0:00:01]} e5 {[%emt 0:00:01]} 2. Nf3 {[%emt 0:00:01]} Nc6 {[%emt 0:00:01]} 3. Bb5 {[%emt 0:00:01]} a6 {[%emt 0:00:01]} 4. Ba4 {[%emt 0:00:01]} d6 {[%emt 0:00:01]} 5. c3 {[%emt 0:00:01]} Bd7 {[%emt 0:00:01]} 6. d4 {[%emt 0:00:01]} g6 {[%emt 0:00:01]} 7. Be3 {[%emt 0:00:02]} b5 {[%emt 0:00:01]} 8. Bb3 {[%emt 0:00:02]} Bg7 {[%emt 0:00:02]} 9. Bg5 {[%emt 0:00:01]} Nf6 {[%emt 0:00:01]} 10. h4 {[%emt 0:00:01]} h6 {[%emt 0:00:01]} 11. d5 {[%emt 0:00:02]} Na5 {[%emt 0:00:01]} 12. Bxf6 {[%emt 0:00:02]} Qxf6 {[%emt 0:00:00]} 13. a4 {[%emt 0:00:02]} O-O {[%emt 0:00:01]} 14. Na3 {[%emt 0:00:01]} Nxb3 {[%emt 0:00:01]} 15. Qxb3 {[%emt 0:00:00]} bxa4 {[%emt 0:00:00]} 16. Qb7 {[%emt 0:00:02]} Qf4 {[%emt 0:00:02]} 17. O-O {[%emt 0:00:02]} Qxe4 {[%emt 0:00:01]} 18. Qxc7 {[%emt 0:00:00]} Bg4 {[%emt 0:00:02]} 19. Qxd6 {[%emt 0:00:01]} Bxf3 {[%emt 0:00:01]} 20. gxf3 {[%emt 0:00:00]} Qxf3 {[%emt 0:00:00]} 21. c4 {[%emt 0:00:01]} Qg4+ {[%emt 0:00:01]} 22. Kh2 {[%emt 0:00:01]} Qxh4+ {[%emt 0:00:01]} 23. Kg2 {[%emt 0:00:01]} Qg5+ {[%emt 0:00:02]} 24. Kf3 {[%emt 0:00:01]} e4+ {[%emt 0:00:01]} 25. Kxe4 {[%emt 0:00:01]} Bxb2 {[%emt 0:00:01]} 26. f4 {[%emt 0:00:02]} Qg3 {[%emt 0:00:01]} 27. Rf3 {[%emt 0:00:01]} Rfe8+ {[%emt 0:00:01]} 28. Qe6 {[%emt 0:00:01]} Rxe6+ {[%emt 0:00:01]} 29. dxe6 {[%emt 0:00:00]} f5+ {[%emt 0:00:02]} 30. Ke3 {[%emt 0:00:01]} Qh4 {[%emt 0:00:01]} 31. Rb1 {[%emt 0:00:02]} Bxa3 {[%emt 0:00:01]} 32. Rb8+ {[%emt 0:00:01]} Rxb8 {[%emt 0:00:01]} 33. Kd3 {[%emt 0:00:01]} Qe1 {[%emt 0:00:02]} 0-1

[Event "Test Tournament"]
[Site "Emanuel Lasker Arena"]
[Date "2024.04.02"]
[Round "2"]
[White "Jed Bartlet"]
[Black "Swindler"]
[Result "1-0"]
[WhiteElo "2103"]
[BlackElo "2233"]
[Annotator "RC"]
[PlyCount "63"]
[EventDate "2024.04.02"]
[EventType "swiss (blitz)"]
[TimeControl "60"]

1. Nf3 {[%emt 0:00:01]} c6 {[%emt 0:00:01]} 2. c4 {[%emt 0:00:01]} d5 {[%emt 0:00:01]} 3. e3 {[%emt 0:00:01]} Bg4 {[%emt 0:00:01]} 4. d4 {[%emt 0:00:01]} e6 {[%emt 0:00:01]} 5. Nc3 {[%emt 0:00:01]} Nf6 {[%emt 0:00:01]} 6. h3 {[%emt 0:00:01]} Bf5 {[%emt 0:00:01]} 7. c5 {[%emt 0:00:01]} h5 {[%emt 0:00:01]} 8. h4 {[%emt 0:00:01]} Ng4 {[%emt 0:00:01]} 9. Ng5 {[%emt 0:00:01]} Qa5 {[%emt 0:00:01]} 10. Bd2 {[%emt 0:00:01]} Be7 {[%emt 0:00:01]} 11. Nxd5 {[%emt 0:00:01]} Qd8 {[%emt 0:00:01]} 12. Nxe7 {[%emt 0:00:00]} Qxe7 {[%emt 0:00:00]} 13. e4 {[%emt 0:00:01]} f6 {[%emt 0:00:01]} 14. exf5 {[%emt 0:00:01]} fxg5 {[%emt 0:00:00]} 15. hxg5 {[%emt 0:00:00]} exf5+ {[%emt 0:00:01]} 16. Qe2 {[%emt 0:00:01]} h4 {[%emt 0:00:02]} 17. Qxe7+ {[%emt 0:00:01]} Kxe7 {[%emt 0:00:00]} 18. Bc4 {[%emt 0:00:01]} Na6 {[%emt 0:00:02]} 19. f3 {[%emt 0:00:01]} b5 {[%emt 0:00:01]} 20. cxb6 {[%emt 0:00:01]} Kd6 {[%emt 0:00:01]} 21. Bf4+ {[%emt 0:00:01]} Ke7 {[%emt 0:00:01]} 22. b7 {[%emt 0:00:01]} Rae8 {[%emt 0:00:02]} 23. Bxa6 {[%emt 0:00:01]} Kd7+ {[%emt 0:00:01]} 24. Kd2 {[%emt 0:00:01]} Nf2 {[%emt 0:00:01]} 25. Rhe1 {[%emt 0:00:01]} Rxe1 {[%emt 0:00:00]} 26. Rxe1 {[%emt 0:00:00]} h3 {[%emt 0:00:02]} 27. Bc4 {[%emt 0:00:01]} Rb8 {[%emt 0:00:01]} 28. Bxb8 {[%emt 0:00:01]} Ne4+ {[%emt 0:00:01]} 29. fxe4 {[%emt 0:00:01]} fxe4 {[%emt 0:00:00]} 30. Bxa7 {[%emt 0:00:00]} e3+ {[%emt 0:00:01]} 31. Rxe3 {[%emt 0:00:01]} c5 {[%emt 0:00:01]} 32. Bb5+ {[%emt 0:00:01]} 1-0

[Event "Test Tournament"]
[Site "Emanuel Lasker Arena"]
[Date "2024.04.09"]
[Round "2"]
[White "StressTest"]
[Black "Hollis"]
[Result "1-0"]
[WhiteElo "2101"]
[BlackElo "1881"]
[Annotator "RC"]
[PlyCount "31"]
[EventDate "2024.04.09"]
[EventType "swiss (blitz)"]
[TimeControl "60"]

1. e4 {[%emt 0:00:01]} Nf6 {[%emt 0:00:01]} 2. e5 {[%emt 0:00:01]} Nd5 {[%emt 0:00:01]} 3. d4 {[%emt 0:00:01]} d6 {[%emt 0:00:02]} 4. Nf3 {[%emt 0:00:01]} dxe5 {[%emt 0:00:01]} 5. Nxe5 {[%emt 0:00:01]} Bf5 {[%emt 0:00:01]} 6. Qf3 {[%emt 0:00:01]} e6 {[%emt 0:00:05]} 7. g4 {[%emt 0:00:04]} Bg6 {[%emt 0:00:04]} 8. Nc3 {[%emt 0:00:02]} Nc6 {[%emt 0:00:07]} 9. Bb5 {[%emt 0:00:05]} Ndb4 {[%emt 0:00:06]} 10. O-O {[%emt 0:00:01]} Rc8 {[%emt 0:00:03]} 11. a3 {[%emt 0:00:03]} Nxc2 {[%emt 0:00:02]} 12. Bxc6+ {[%emt 0:00:01]} bxc6 {[%emt 0:00:01]} 13. Qxc6+ {[%emt 0:00:01]} Ke7 {[%emt 0:00:02]} 14. Bg5+ {[%emt 0:00:03]} f6 {[%emt 0:00:01]} 15. d5 {[%emt 0:00:03]} fxg5 {[%emt 0:00:02]} 16. Qxe6# {[%emt 0:00:02] (Lag: Av=0.05s, max=0.1s)} 1-0

[Event "Test Tournament"]
[Site "Emanuel Lasker Arena"]
[Date "2024.04.09"]
[Round "2"]
[White "StressTest"]
[Black "Daenerys"]
[Result "1-0"]
[WhiteElo "2101"]
[BlackElo "1925"]
[Annotator "RC"]
[PlyCount "31"]
[EventDate "2024.04.09"]
[EventType "swiss (blitz)"]
[TimeControl "60"]

1. d4 {[%emt 0:00:01]} Nf6 {[%emt 0:00:01]} 2. c4 {[%emt 0:00:01]} e6 {[%emt 0:00:01]} 3. Nf3 {[%emt 0:00:01]} b6 {[%emt 0:00:01]} 4. g3 {[%emt 0:00:01]} Ba6 {[%emt 0:00:01]} 5. b3 {[%emt 0:00:01]} Bb4+ {[%emt 0:00:01]} 6. Bd2 {[%emt 0:00:01]} Be7 {[%emt 0:00:01]} 7. Nc3 {[%emt 0:00:01]} O-O {[%emt 0:00:01]} 8. e4 {[%emt 0:00:01]} Bb7 {[%emt 0:00:01]} 9. Bd3 {[%emt 0:00:01]} Bb4 {[%emt 0:00:02]} 10. Qc2 {[%emt 0:00:02]} h6 {[%emt 0:00:01]} 11. O-O {[%emt 0:00:04]} g6 {[%emt 0:00:04]} 12. Rfe1 {[%emt 0:00:01]} d5 {[%emt 0:00:04]} 13. exd5 {[%emt 0:00:04]} exd5 {[%emt 0:00:01]} 14. Bxh6 {[%emt 0:00:01]} dxc4 {[%emt 0:00:04]} 15. Bxc4 {[%emt 0:00:01]} Bxf3 {[%emt 0:00:01]} 16. Qxg6+ {[%emt 0:00:01] Daenerys resigns (Lag: Av=0.04s, max=0.1s)} 1-0

[Event "Test Tournament"]
[Site "Emanuel Lasker Arena"]
[Date "2024.04.09"]
[Round "2"]
[White "MikhailBerg"]
[Black "Josha Matin"]
[Result "0-1"]
[WhiteElo "2094"]
[BlackElo "2219"]
[Annotator "RC"]
[PlyCount "96"]
[EventDate "2024.04.09"]
[EventType "swiss (blitz)"]
[TimeControl "60"]

1. e4 {[%emt 0:00:01]} e5 {[%emt 0:00:01]} 2. Nf3 {[%emt 0:00:01]} Nc6 {[%emt 0:00:01]} 3. Bb5 {[%emt 0:00:01]} a6 {[%emt 0:00:01]} 4. Ba4 {[%emt 0:00:01]} d6 {[%emt 0:00:01]} 5. Bxc6+ {[%emt 0:00:01]} bxc6 {[%emt 0:00:01]} 6. d4 {[%emt 0:00:01]} f6 {[%emt 0:00:01]} 7. Be3 {[%emt 0:00:01]} Ne7 {[%emt 0:00:01]} 8. Nc3 {[%emt 0:00:01]} Ng6 {[%emt 0:00:01]} 9. Qd2 {[%emt 0:00:04]} Be7 {[%emt 0:00:01]} 10. h4 {[%emt 0:00:01]} h5 {[%emt 0:00:02]} 11. O-O-O {[%emt 0:00:04]} O-O {[%emt 0:00:04]} 12. Qd3 {[%emt 0:00:03]} Be6 {[%emt 0:00:04]} 13. d5 {[%emt 0:00:03]} cxd5 {[%emt 0:00:04]} 14. exd5 {[%emt 0:00:01]} Bf7 {[%emt 0:00:01]} 15. Qf5 {[%emt 0:00:03]} Rb8 {[%emt 0:00:02]} 16. g4 {[%emt 0:00:05]} Qc8 {[%emt 0:00:04]} 17. Qxh5 {[%emt 0:00:01]} Nf4 {[%emt 0:00:03]} 18. Qf5 {[%emt 0:00:01]} Qxf5 {[%emt 0:00:01]} 19. gxf5 {[%emt 0:00:01]} Bh5 {[%emt 0:00:03]} 20. Bxf4 {[%emt 0:00:01]} Bxf3 {[%emt 0:00:01]} 21. Be3 {[%emt 0:00:02]} Bxh1 {[%emt 0:00:01]} 22. Rxh1 {[%emt 0:00:01]} Rb4 {[%emt 0:00:02]} 23. a3 {[%emt 0:00:02]} Rg4 {[%emt 0:00:02]} 24. h5 {[%emt 0:00:02]} Rb8 {[%emt 0:00:02]} 25. Ba7 {[%emt 0:00:02]} Rb7 {[%emt 0:00:01]} 26. Be3 {[%emt 0:00:02]} Rc4 {[%emt 0:00:02]} 27. h6 {[%emt 0:00:02]} a5 {[%emt 0:00:02]} 28. Rg1 {[%emt 0:00:01]} Bf8 {[%emt 0:00:01]} 29. hxg7 {[%emt 0:00:01]} Bxg7 {[%emt 0:00:01]} 30. Bh6 {[%emt 0:00:01]} c5 {[%emt 0:00:01]} 31. Rg6 {[%emt 0:00:01]} Kh8 {[%emt 0:00:01]} 32. Nb5 {[%emt 0:00:01]} Bxh6+ {[%emt 0:00:01]} 33. Rxh6+ {[%emt 0:00:01]} Rh7 {[%emt 0:00:01]} 34. Rxh7+ {[%emt 0:00:00]} Kxh7 {[%emt 0:00:01]} 35. Nxd6 {[%emt 0:00:01]} Rf4 {[%emt 0:00:01]} 36. Nb7 {[%emt 0:00:00]} Rxf2 {[%emt 0:00:01]} 37. Nxc5 {[%emt 0:00:01]} Rxf5 {[%emt 0:00:01]} 38. d6 {[%emt 0:00:00]} Rf1+ {[%emt 0:00:00]} 39. Kd2 {[%emt 0:00:00]} f5 {[%emt 0:00:00]} 40. d7 {[%emt 0:00:00]} Rf2+ {[%emt 0:00:00]} 41. Kc3 {[%emt 0:00:00]} Rf3+ {[%emt 0:00:01]} 42. Nd3 {[%emt 0:00:01]} e4 {[%emt 0:00:00]} 43. d8=Q {[%emt 0:00:01]} exd3 {[%emt 0:00:01]} 44. Qd7+ {[%emt 0:00:01]} Kh6 {[%emt 0:00:00]} 45. Qc6+ {[%emt 0:00:00]} Kg5 {[%emt 0:00:00]} 46. Qxf3 {[%emt 0:00:00]} f4 {[%emt 0:00:00]} 47. cxd3 {[%emt 0:00:01]} a4 {[%emt 0:00:00]} 48. Qe4 {[%emt 0:00:01] .} Kg4 {[%emt 0:00:00]} 0-1

[Event "Test Tournament"]
[Site "Emanuel Lasker Arena"]
[Date "2024.04.02"]
[Round "2"]
[White "CarlsenVomFach"]
[Black "Thomas Kydd"]
[Result "0-1"]
[WhiteElo "2069"]
[BlackElo "2473"]
[Annotator "TA"]
[PlyCount "74"]
[EventDate "2024.04.02"]
[EventType "swiss (blitz)"]

{[%evp 24,73,44,50,45,0,60,70,66,50,66,43,64,25,85,69,202,124,161,-114,-123,-141,-131,-211,-84,-83,-58,-60,-58,-60,-61,-61,-58,-70,-58,-88,-86,-83,-83,-108,-90,-109,0,-4,0,0,18,-676,-647,-29993,-29994,-29999]} 1. d4 {[%emt 0:00:01]} Nf6 {[%emt 0:00:01]} 2. c4 {[%emt 0:00:01]} g6 {[%emt 0:00:01]} 3. Nc3 {[%emt 0:00:01]} Bg7 {[%emt 0:00:01]} 4. e4 {[%emt 0:00:01]} d6 {[%emt 0:00:01]} 5. Nf3 {[%emt 0:00:01]} O-O {[%emt 0:00:01]} 6. Be2 {[%emt 0:00:01]} Na6 {[%emt 0:00:01]} 7. O-O {[%emt 0:00:01]} e5 {[%emt 0:00:01]} 8. Be3 {[%emt 0:00:01]} Ng4 {[%emt 0:00:01]} 9. Bg5 {[%emt 0:00:01]} Qe8 {[%emt 0:00:01]} 10. dxe5 {[%emt 0:00:01]} dxe5 {[%emt 0:00:01]} 11. h3 {[%emt 0:00:01]} h6 {[%emt 0:00:01]} 12. Bd2 {[%emt 0:00:01]} Nf6 {[%emt 0:00:01]} 13. Be3 {[%emt 0:00:01]} b6 {[%emt 0:00:01]} 14. Qd2 {[%emt 0:00:01]} Nc5 {[%emt 0:00:01]} (14... Bb7 $11) 15. Bxc5 $14 {[%emt 0:00:02]} bxc5 {[%emt 0:00:00] White is slightly better.} 16. Rfd1 {[%emt 0:00:01]} a5 {[%emt 0:00:06]} 17. b3 {[%emt 0:00:06]} Qe6 {[%emt 0:00:04][%cal Oa5a4]} 18. Qc2 {[%emt 0:00:03]} Qb6 {[%emt 0:00:01]} (18... Bb7 $11) 19. Nxe5 $16 {[%emt 0:00:01]} Nh5 {[%emt 0:00:01]} (19... Re8 $14) 20. Nd5 {[%emt 0:00:01]} Qd6 {[%emt 0:00:02]} 21. f4 {[%emt 0:00:01] [#]} (21. Nc6 $1 $18 Kh7 22. Nde7) 21... Nxf4 $1 $17 {[%emt 0:00:01][%mdl 512]} 22. Nxf4 {[%emt 0:00:01]} Qxe5 {[%emt 0:00:00]} 23. Nd5 {[%emt 0:00:02]} (23. Rf1 $17) 23... Qg3 {[%emt 0:00:01]} ({Worse is} 23... Qxa1 24. Rxa1 Bxa1 25. Nxc7 $11) (23... Bxh3 $19 {has better winning chances. Hoping for ...Qg5.} 24. Bf3 c6 (24... Qxa1 $2 {too greedy.} 25. Ne7+ Kh7 26. Rxa1 $18) 25. gxh3 cxd5 26. cxd5 Qf4 (26... Qxa1 27. Rxa1 Bxa1 28. Be2 $11)) 24. Rd3 {[%emt 0:00:01] White is weak on the dark squares} Bd4+ {[%emt 0:00:01] A strong pair of Bishops.} 25. Kh1 {[%emt 0:00:03]} Qg5 {[%emt 0:00:01]} 26. Rf1 {[%emt 0:00:01]} c6 {[%emt 0:00:02]} 27. Nb6 {[%emt 0:00:01]} Ra7 {[%emt 0:00:01]} 28. Nxc8 {[%emt 0:00:01]} Rxc8 {[%emt 0:00:00]} 29. Rdf3 {[%emt 0:00:01]} Re8 {[%emt 0:00:02]} 30. Bd3 {[%emt 0:00:02]} h5 {[%emt 0:00:01]} 31. a4 {[%emt 0:00:01]} Rd7 {[%emt 0:00:01]} 32. Qe2 {[%emt 0:00:02] [#]} f5 {[%emt 0:00:01] Black is much more active.} 33. Qc2 $11 {[%emt 0:00:02] [#]} f4 $36 {[%emt 0:00:02][%mdl 2048] Black has some pressure.} 34. Rxf4 {[%emt 0:00:01][%cal Oe4e5]} Qg3 {[%emt 0:00:01] [#]} 35. e5 $2 {[%emt 0:00:02][%mdl 8192]} Bxe5 $19 {[%emt 0:00:01]} 36. Bxg6 {[%emt 0:00:01]} Bxf4 {[%emt 0:00:00][%csl Gf4][%cal Rg3h2]} 37. Bxe8 {[%emt 0:00:00]} Qh2# {[%emt 0:00:01] Black used his chance.   Weighted Error Value: White=0.73/Black=0.30.  Loses game:     	White=1     	---        Missed win:     	White=1     	---        Mistake:       	White=1     	Black=5      Inaccurate:     	White=5     	---        OK:         	White=6     	Black=6      Best:        	White=3     	Black=1      Brilliant:      	---       	Black=1} 0-1

[Event "Test Tournament"]
[Site "Emanuel Lasker Arena"]
[Date "2024.04.02"]
[Round "2"]
[White "CarlsenVomFach"]
[Black "Chartwell"]
[Result "1-0"]
[WhiteElo "2069"]
[BlackElo "2178"]
[Annotator "RC"]
[PlyCount "65"]
[EventDate "2024.04.02"]
[EventType "swiss (blitz)"]

1. e4 {[%emt 0:00:01]} e5 {[%emt 0:00:01]} 2. Nf3 {[%emt 0:00:01]} Nc6 {[%emt 0:00:01]} 3. Bb5 {[%emt 0:00:01]} a6 {[%emt 0:00:01]} 4. Ba4 {[%emt 0:00:01]} Nf6 {[%emt 0:00:01]} 5. O-O {[%emt 0:00:01]} b5 {[%emt 0:00:01]} 6. Bb3 {[%emt 0:00:01]} Nxe4 {[%emt 0:00:01]} 7. d4 {[%emt 0:00:01]} exd4 {[%emt 0:00:00]} 8. Nxd4 {[%emt 0:00:00]} Qf6 {[%emt 0:00:01]} 9. Bd5 {[%emt 0:00:01]} Nxd4 {[%emt 0:00:01]} 10. Bxa8 {[%emt 0:00:01]} c6 {[%emt 0:00:01]} 11. Nc3 {[%emt 0:00:02]} d5 {[%emt 0:00:01]} 12. Nxe4 {[%emt 0:00:02]} dxe4 {[%emt 0:00:00]} 13. Bg5 {[%emt 0:00:01]} Qe5 {[%emt 0:00:02]} 14. Bf4 {[%emt 0:00:02]} Qc5 {[%emt 0:00:02]} 15. Be3 {[%emt 0:00:01]} Bd6 {[%emt 0:00:02]} 16. Qxd4 {[%emt 0:00:01]} Qxd4 {[%emt 0:00:01]} 17. Bxc6+ {[%emt 0:00:01]} Kf8 {[%emt 0:00:01]} 18. Bxd4 {[%emt 0:00:01]} Be6 {[%emt 0:00:02]} 19. Bxe4 {[%emt 0:00:01]} Ke7 {[%emt 0:00:02]} 20. Rfe1 {[%emt 0:00:01]} Rc8 {[%emt 0:00:01]} 21. c3 {[%emt 0:00:01]} f5 {[%emt 0:00:01]} 22. Bxf5 {[%emt 0:00:01]} Bxh2+ {[%emt 0:00:01]} 23. Kxh2 {[%emt 0:00:01]} Kf8 {[%emt 0:00:02]} 24. Bxe6 {[%emt 0:00:01]} Rxc3 {[%emt 0:00:01]} 25. Bxc3 {[%emt 0:00:01]} a5 {[%emt 0:00:01]} 26. Rh1 {[%emt 0:00:03]} b4 {[%emt 0:00:02]} 27. Be1 {[%emt 0:00:01]} b3 {[%emt 0:00:01]} 28. Bxb3 {[%emt 0:00:01]} Ke7 {[%emt 0:00:01]} 29. g4 {[%emt 0:00:01]} Kf6 {[%emt 0:00:02]} 30. Kg2 {[%emt 0:00:01]} a4 {[%emt 0:00:01]} 31. Bd5 {[%emt 0:00:01]} a3 {[%emt 0:00:02]} 32. Bc3+ {[%emt 0:00:01]} Kg6 {[%emt 0:00:01]} 33. Be4+ {[%emt 0:00:01]} 1-0

[Event "Test Tournament"]
[Site "Emanuel Lasker Arena"]
[Date "2024.04.09"]
[Round "2"]
[White "Toby Ziegler"]
[Black "Einpassant"]
[Result "0-1"]
[WhiteElo "2064"]
[BlackElo "1620"]
[Annotator "RC"]
[PlyCount "88"]
[EventDate "2024.04.09"]
[EventType "swiss (blitz)"]
[TimeControl "60"]

1. d4 {[%emt 0:00:01]} d5 {[%emt 0:00:01]} 2. c4 {[%emt 0:00:01]} e6 {[%emt 0:00:01]} 3. Nf3 {[%emt 0:00:01]} Nf6 {[%emt 0:00:01]} 4. g3 {[%emt 0:00:01]} Bb4+ {[%emt 0:00:01]} 5. Bd2 {[%emt 0:00:01]} Be7 {[%emt 0:00:01]} 6. Bg2 {[%emt 0:00:01]} O-O {[%emt 0:00:01]} 7. O-O {[%emt 0:00:01]} Nbd7 {[%emt 0:00:01]} 8. Qc2 {[%emt 0:00:01]} c6 {[%emt 0:00:01]} 9. Rd1 {[%emt 0:00:01]} b6 {[%emt 0:00:01]} 10. b3 {[%emt 0:00:01]} Ba6 {[%emt 0:00:01]} 11. a4 {[%emt 0:00:04]} c5 {[%emt 0:00:01]} 12. Na3 {[%emt 0:00:01]} Ne4 {[%emt 0:00:04]} 13. cxd5 {[%emt 0:00:01]} exd5 {[%emt 0:00:01]} 14. Nb5 {[%emt 0:00:03]} Bb7 {[%emt 0:00:01]} 15. Be3 {[%emt 0:00:03]} a6 {[%emt 0:00:07]} 16. Ne5 {[%emt 0:00:07]} axb5 {[%emt 0:00:01]} 17. dxc5 {[%emt 0:00:03]} Nxe5 {[%emt 0:00:01]} 18. Bxe4 {[%emt 0:00:01]} bxc5 {[%emt 0:00:01]} 19. Bxc5 {[%emt 0:00:00]} Bxc5 {[%emt 0:00:01]} 20. Qxc5 {[%emt 0:00:01]} bxa4 {[%emt 0:00:01]} 21. bxa4 {[%emt 0:00:01]} Qa5 {[%emt 0:00:03]} 22. Qe7 {[%emt 0:00:03]} dxe4 {[%emt 0:00:01]} 23. Qxb7 {[%emt 0:00:01]} e3 {[%emt 0:00:03]} 24. f4 {[%emt 0:00:02]} Ng4 {[%emt 0:00:02]} 25. Rd5 {[%emt 0:00:02]} Qc3 {[%emt 0:00:02]} 26. Rf1 {[%emt 0:00:02]} Rxa4 {[%emt 0:00:02]} 27. Rd3 {[%emt 0:00:02]} Qc2 {[%emt 0:00:02]} 28. Re1 {[%emt 0:00:02]} Nf2 {[%emt 0:00:02]} 29. Rxe3 {[%emt 0:00:01]} Ng4 {[%emt 0:00:02]} 30. Rf3 {[%emt 0:00:02]} Re8 {[%emt 0:00:02]} 31. Qb2 {[%emt 0:00:01]} Rxe2 {[%emt 0:00:02]} 32. Qb8+ {[%emt 0:00:01]} Qc8 {[%emt 0:00:01]} 33. Qxc8+ {[%emt 0:00:00]} Re8 {[%emt 0:00:01]} 34. Re5 {[%emt 0:00:01]} Rxc8 {[%emt 0:00:01]} 35. Re1 {[%emt 0:00:01]} Ra2 {[%emt 0:00:01]} 36. h3 {[%emt 0:00:01]} Nh2 {[%emt 0:00:01]} 37. Rfe3 {[%emt 0:00:01]} f5 {[%emt 0:00:01]} 38. Kh1 {[%emt 0:00:00]} Rd8 {[%emt 0:00:01]} 39. Rc1 {[%emt 0:00:00]} Rdd2 {[%emt 0:00:01]} 40. Re8+ {[%emt 0:00:00]} Kf7 {[%emt 0:00:00]} 41. Re5 {[%emt 0:00:00]} g6 {[%emt 0:00:00]} 42. Rc6 {[%emt 0:00:00]} Ra1+ {[%emt 0:00:00]} 43. Rc1 {[%emt 0:00:00]} Rxc1+ {[%emt 0:00:00]} 44. Re1 {[%emt 0:00:00]} Rxe1# {[%emt 0:00:00] (Lag: Av=0.08s, max=0.7s)} 0-1